| 000 | 01475nam a2200265Ia 4500 | ||
|---|---|---|---|
| 003 | Ost | ||
| 005 | 20260507075417.0 | ||
| 008 | 260507s9999||||xx |||||||||||||| ||und|| | ||
| 020 | _a80539599579 | ||
| 040 | _cfsecg | ||
| 041 | _aara | ||
| 082 | _a330 | ||
| 100 |
_aالموسوي، صفاء عبد الجبار _eمؤلف |
||
| 245 | 0 |
_aالتقدم التقني في صناعة السياحة / _c صفاء عبد الجبار الموسوي |
|
| 260 |
_aعمان: _bدار الايام, _c2015 |
||
| 300 |
_a273 صفحة؛ _bإيضاحات ؛ _c25 سم |
||
| 504 | _aالمراجع ص.251 | ||
| 520 | _aيضم الإطار النظري للتقدم التقني والإطار النظري لصناعة السياحة ، دور التقدم التقني في تطوير العرض السياحي، دور التقدم التقني في تنمية الطلب السياحي، دور التقدم التقني في تطوير صناعة السياحة في المملكة الاردنية الهاشمية، دور التقدم التقني في تطوير صناعة السياحة في المملكة الإمارات، دور التقدم التقني في تطوير صناعة السياحة في العراق. | ||
| 653 | _aالسياحة | ||
| 653 | _aتطوير السياحة | ||
| 653 | _aتكنولوجيا- السياحة | ||
| 653 | _aتنمية السياحة | ||
| 700 |
_aعلوان، شذى كاظم _eمؤلف ثانوي |
||
| 942 | _cكتاب | ||
| 999 |
_c44450 _d44450 |
||